000
00335nam a2200157Ia 4500
008
160316s1996 xxu||||| |||| 00| 0 eng d
082
_a
0.000000
_b
100
_a
245
_a
Nurshing research
250
_a
260
_a
Strasbourg
_b
Council of Europe
_c
1996
300
_a
53p
_b
_c
365
_b
650
_a
700
_a
_a
999
_c
17117
_d
17117